| 000 | 00431nam a22001577a 4500 | ||
|---|---|---|---|
| 020 | _a978-1-292-36543-5 | ||
| 082 | _a657 | ||
| 100 | _aSangster, Alan | ||
| 245 | _aFrank Wood's Business Accounting: An Introduction to Financial Accounting | ||
| 250 | _a15th | ||
| 260 |
_aHarlow: _bPearson Education, _c2021 |
||
| 300 | _axxiii, 813p.: ill.; 25cm | ||
| 500 | _aTABLE OF CONTENTS: | ||
| 700 | _aGordon, Lewis | ||
| 942 | _cBK | ||
| 999 |
_c22109 _d22109 |
||